Normal view
MARC view
- حميد، حميد جاسم/م.مشارك: علي محمد نقي،فتحي حسين خليل،خائب ابراهيم جواد
Entry Personal Name
001 - CONTROL NUMBER
- control field: 42425
003 - CONTROL NUMBER IDENTIFIER
- control field: JO-AjAnu
005 - DATE AND TIME OF LATEST TRANSACTION
- control field: 20230606081035.0
008 - FIXED-LENGTH DATA ELEMENTS
- fixed length control field: 230606|| aca||aabn | a|a d
040 ## - CATALOGING SOURCE
- Original cataloging agency: JO-AjAnu
- Transcribing agency: JO-AjAnu
100 ## - HEADING--PERSONAL NAME
- Personal name: حميد، حميد جاسم/م.مشارك: علي محمد نقي،فتحي حسين خليل،خائب ابراهيم جواد
670 ## - SOURCE DATA FOUND
- Source citation: Work cat.: (JO-AjAnu)21733: حميد، حميد جاسم/م.مشارك: علي محمد نقي،فتحي حسين خليل،خائب ابراهيم جواد, author, الاقتصاد الصناعي